[Event "Titled Tuesday intern op 27th Feb Early"]
[Site "Chess.com INT"]
[Date "2024.02.27"]
[Round "5"]
[White "Munro, Allan"]
[Black "Thake, Conrad"]
[Result "1-0"]
[WhiteElo "1904"]
[BlackElo "1745"]
[PlyCount "103"]
[EventDate "2024.02.27"]
[EventType "swiss (blitz)"]
[EventRounds "11"]
[EventCountry "USA"]
[SourceTitle "EXT 2025"]
[Source "ChessBase"]
[SourceDate "2024.10.14"]
[SourceVersion "1"]
[SourceVersionDate "2024.10.14"]
[SourceQuality "1"]

1. d4 Nf6 2. Bg5 c5 3. d5 d6 4. Nc3 g6 5. e4 Bg7 6. Nf3 0-0 7. Be2 e6 8. 0-0 exd5 9. exd5 Re8 10. Nd2 a6 11. a4 Nbd7 12. Nc4 Ne5 13. Nxe5 Rxe5 14. Bf4 Re8 15. h3 h5 16. Bc4 Bf5 17. f3 Re7 18. Qd2 Kh7 19. Rfe1 Rxe1+ 20. Rxe1 Qd7 21. g4 hxg4 22. hxg4 Bxg4 23. fxg4 Qxg4+ 24. Kh1 Nh5 25. Rf1 Qh3+ 26. Qh2 Qg4 27. Be2 Qf5 28. Bxd6 Qxc2 29. Bxh5 Qxh2+ 30. Kxh2 gxh5 31. Rxf7 Kg6 32. Rxb7 Rd8 33. Rb6 Kf5 34. Rxa6 Rxd6 35. Rxd6 Be5+ 36. Kh3 Bxd6 37. Kh4 Ke5 38. Kxh5 Kd4 39. a5 Kc4 40. a6 Bb8 41. d6 Bxd6 42. a7 Be5 43. a8Q Bxc3 44. bxc3 Kxc3 45. Qa1+ Kd3 46. Qc1 c4 47. Kg4 c3 48. Kf3 c2 49. Kf2 Kc3 50. Ke2 Kb3 51. Kd2 Ka2 52. Qxc2+ 1-0

[Event "Titled Tuesday intern op 11th Apr Early"]
[Site "Chess.com INT"]
[Date "2023.04.11"]
[Round "6"]
[White "Munro, Allan"]
[Black "Kaplan, Avi Harrison"]
[Result "0-1"]
[WhiteElo "1941"]
[BlackElo "2146"]
[PlyCount "72"]
[EventDate "2023.04.11"]
[EventType "swiss (blitz)"]
[EventRounds "11"]
[EventCountry "USA"]
[SourceTitle "CBM 213 Extra"]
[Source "ChessBase"]
[SourceDate "2023.05.31"]
[SourceVersion "1"]
[SourceVersionDate "2023.05.31"]
[SourceQuality "1"]

1. d4 Na6 2. e4 Nh6 3. f4 d6 4. Nf3 Bg4 5. h3 Bxf3 6. Qxf3 g6 7. Bc4 c6 8. 0-0 Bg7 9. c3 0-0 10. f5 d5 11. exd5 Nxf5 12. dxc6 Bxd4+ 13. Kh1 Be5 14. Bf4 Bxf4 15. Qxf4 e5 16. Qxe5 Qg5 17. Kh2 Rae8 18. Qf4 Qe7 19. Nd2 Nc5 20. Rae1 Qxe1 21. Rxe1 Rxe1 22. Qf2 Re5 23. Nf3 Ne4 24. Qxa7 Ree8 25. Qxb7 Ned6 26. Qd7 Nxc4 27. c7 Nxb2 28. Ng5 Nh6 29. a4 Nc4 30. Qd5 Nb6 31. Qc6 Nc8 32. a5 Re5 33. h4 Rxa5 34. Qd7 Rc5 35. Ne4 Re5 36. Nf6+ Kg7 0-1

[Event "Olympiad-44"]
[Site "Chennai"]
[Date "2022.08.08"]
[Round "10.4"]
[White "Al Kathiri, Mana"]
[Black "Munro, Allan"]
[Result "1-0"]
[WhiteElo "1598"]
[BlackElo "2008"]
[PlyCount "53"]
[EventDate "2022.07.29"]
[EventType "team-swiss"]
[EventRounds "11"]
[EventCountry "IND"]
[SourceTitle "CBM 210"]
[Source "ChessBase"]
[SourceDate "2022.10.31"]
[SourceVersion "1"]
[SourceVersionDate "2022.10.31"]
[SourceQuality "1"]
[WhiteTeam "Oman"]
[BlackTeam "Trinidad and Tobago"]
[WhiteTeamCountry "OMN"]
[BlackTeamCountry "TRI"]

1. d4 d5 2. Nf3 Nf6 3. Bf4 c5 4. e3 Nc6 5. Nbd2 cxd4 6. exd4 Bf5 7. c3 Qb6 8. Qb3 Qxb3 9. axb3 e6 10. Nh4 Bg4 11. h3 Bh5 12. g4 Bg6 13. Nxg6 hxg6 14. Bg2 Be7 15. b4 Bd8 16. 0-0 Nd7 17. Rfe1 0-0 18. b5 Ne7 19. Bd6 Re8 20. c4 Nb6 21. c5 Nbc8 22. Bg3 g5 23. b4 Kf8 24. Bf1 Ng6 25. Nf3 Bf6 26. Ra3 Nf4 27. h4 1-0

[Event "Ontario op"]
[Site "Oakville"]
[Date "2019.05.20"]
[Round "6"]
[White "Munro, Allan"]
[Black "Rek, Slava"]
[Result "1/2-1/2"]
[WhiteElo "2040"]
[BlackElo "2142"]
[PlyCount "91"]
[EventDate "2019.05.18"]
[EventType "swiss"]
[EventRounds "6"]
[EventCountry "CAN"]
[SourceTitle "CBM 190 Extra"]
[Source "ChessBase"]
[SourceDate "2019.07.15"]
[SourceVersion "1"]
[SourceVersionDate "2019.07.15"]
[SourceQuality "1"]

1. e4 c5 2. Nf3 Nc6 3. d4 cxd4 4. Nxd4 g6 5. c4 Bg7 6. Be3 Nf6 7. f3 0-0 8. Qd2 e6 9. Nxc6 dxc6 10. Qxd8 Rxd8 11. Nc3 e5 12. Be2 Be6 13. Kf2 Bf8 14. Rhd1 Rxd1 15. Rxd1 Nd7 16. Nd5 Nc5 17. Nc7 Rc8 18. Nxe6 Nxe6 19. a3 b6 20. Rd7 Rc7 21. Rxc7 Nxc7 22. g3 Ne6 23. f4 Bg7 24. f5 Nd4 25. g4 h6 26. Bd1 Kh7 27. Ke1 Bf6 28. Bxd4 exd4 29. Ba4 c5 30. Be8 Kg7 31. h3 Be5 32. b3 Kf6 33. Ke2 Bf4 34. Kd3 Bc1 35. a4 a5 36. fxg6 fxg6 37. h4 Bf4 38. h5 g5 39. Bd7 Ke5 40. Bf5 Bg3 41. Bc8 Kf4 42. Bf5 Kf3 43. e5 Bxe5 44. Kc2 Ke3 45. Bd3 Bc7 46. Bf5 1/2-1/2

[Event "Newmarket Aurora Fall op"]
[Site "Newmarket"]
[Date "2018.10.20"]
[Round "2.3"]
[White "Munro, Allan"]
[Black "Cummings, David H"]
[Result "1/2-1/2"]
[WhiteElo "2249"]
[BlackElo "2406"]
[PlyCount "111"]
[EventDate "2018.10.20"]
[EventType "swiss"]
[EventRounds "5"]
[EventCountry "CAN"]
[SourceTitle "EXT 2022"]
[Source "ChessBase"]
[SourceDate "2021.10.06"]
[SourceVersion "1"]
[SourceVersionDate "2021.10.06"]
[SourceQuality "1"]

1. e4 e5 2. Nf3 Nc6 3. Bb5 a6 4. Ba4 Nf6 5. 0-0 Be7 6. Re1 b5 7. Bb3 d6 8. c3 0-0 9. h3 Nb8 10. d3 c5 11. Nbd2 Nc6 12. Nf1 Be6 13. Ne3 h6 14. a4 b4 15. Bd5 Rc8 16. Bxc6 Rxc6 17. d4 exd4 18. cxd4 d5 19. exd5 Nxd5 20. dxc5 Bxc5 21. Nd4 Nxe3 22. Bxe3 Bxd4 23. Qxd4 Qxd4 24. Bxd4 Rd8 25. Be5 Rd2 26. Rad1 Rxd1 27. Rxd1 Bb3 28. Rd8+ Kh7 29. a5 Rc1+ 30. Kh2 Rc2 31. Kg3 Bc4 32. Kf3 b3 33. g3 Bf1 34. Rb8 Rc5 35. Bd4 Rxa5 36. Rxb3 Bxh3 37. Rb7 Be6 38. Ra7 Kg6 39. Ke3 Ra1 40. Bc3 Ra4 41. Rc7 h5 42. Rc6 Ra2 43. Rc5 f6 44. Ra5 Rxa5 45. Bxa5 Kf5 46. f3 Bd5 47. Be1 g5 48. Bf2 Bb7 49. Be1 Ke5 50. Bc3+ Ke6 51. Be1 Kd5 52. Bc3 f5 53. Bf6 g4 54. fxg4 fxg4 55. Kf4 Bc6 56. Bc3 1/2-1/2

[Event "Canadian op"]
[Site "Sault Ste Marie"]
[Date "2017.07.10"]
[Round "3"]
[White "Perez Garcia, Rodney Oscar"]
[Black "Munro, Allan"]
[Result "1-0"]
[WhiteElo "2299"]
[BlackElo "2083"]
[PlyCount "55"]
[EventDate "2017.07.08"]
[EventType "swiss"]
[EventRounds "9"]
[EventCountry "CAN"]
[SourceTitle "EXT 2018"]
[Source "ChessBase"]
[SourceDate "2017.10.13"]
[SourceVersion "1"]
[SourceVersionDate "2017.10.13"]
[SourceQuality "1"]

1. e4 e5 2. Nf3 Nc6 3. Bc4 Nf6 4. d3 Be7 5. 0-0 0-0 6. Re1 d6 7. a4 Na5 8. Ba2 c5 9. Nc3 Nc6 10. h3 h6 11. Ne2 Re8 12. Ng3 Bf8 13. c3 Be6 14. Nh2 Bxa2 15. Rxa2 d5 16. Qf3 dxe4 17. dxe4 c4 18. Rd1 Qe7 19. Nf5 Qe6 20. Ng4 Nxg4 21. Qxg4 Kh7 22. Rd6 Qc8 23. Bxh6 f6 24. Bxg7 Bxd6 25. Qh5+ Kg8 26. Nxd6 Kxg7 27. Qf7+ Kh8 28. Qxf6+ 1-0

[Event "Montreal op"]
[Site "Montreal"]
[Date "2016.09.09"]
[Round "1"]
[White "Neef, Maximilian"]
[Black "Munro, Allan"]
[Result "1-0"]
[WhiteElo "2442"]
[BlackElo "2124"]
[PlyCount "81"]
[EventDate "2016.09.09"]
[EventType "swiss"]
[EventRounds "5"]
[EventCountry "CAN"]
[SourceTitle "CBM 174 Extra"]
[Source "ChessBase"]
[SourceDate "2016.10.10"]
[SourceVersion "1"]
[SourceVersionDate "2016.10.10"]
[SourceQuality "1"]

1. Nf3 Nf6 2. c4 c5 3. g3 g6 4. Bg2 Bg7 5. Nc3 Nc6 6. 0-0 0-0 7. d4 cxd4 8. Nxd4 Qa5 9. Nb3 Qh5 10. e4 d6 11. Qxh5 Nxh5 12. c5 dxc5 13. Nxc5 e5 14. Nd5 b6 15. Na4 Bb7 16. Nac3 Nf6 17. Bg5 Nxd5 18. exd5 Nd4 19. Be7 Rfe8 20. d6 Bxg2 21. Kxg2 Nf5 22. Nd5 Nxe7 23. Nxe7+ Kf8 24. Nc6 Rec8 25. Rac1 Ke8 26. b4 a6 27. a4 Kd7 28. b5 axb5 29. axb5 Kxd6 30. Rfd1+ Ke6 31. Rc2 f5 32. Rcd2 Bf8 33. Rd7 e4 34. Nd8+ Rxd8 35. Rxd8 Rxd8 36. Rxd8 Bc5 37. h4 h5 38. Rg8 Kf6 39. Rc8 Ke6 40. Rc6+ Kf7 41. Rxc5 1-0

[Event "Port of Spain op"]
[Site "Port of Spain"]
[Date "2016.08.04"]
[Round "9"]
[White "Munro, Allan"]
[Black "Harper, Ryan"]
[Result "0-1"]
[WhiteElo "2105"]
[BlackElo "2175"]
[PlyCount "40"]
[EventDate "2016.07.29"]
[EventType "swiss"]
[EventRounds "9"]
[EventCountry "TRI"]
[SourceTitle "CBM 173 Extra"]
[Source "ChessBase"]
[SourceDate "2016.08.29"]
[SourceVersion "1"]
[SourceVersionDate "2016.08.29"]
[SourceQuality "1"]

1. e4 e5 2. Nf3 Nc6 3. Bb5 Bc5 4. 0-0 Nf6 5. d3 Nd4 6. Nxd4 Bxd4 7. c3 Bb6 8. Bg5 c6 9. Ba4 h6 10. Bh4 d6 11. Kh1 g5 12. Bg3 h5 13. f3 h4 14. Bf2 Nh5 15. Na3 Ng3+ 16. Bxg3 hxg3 17. h3 Bxh3 18. gxh3 Rxh3+ 19. Kg2 Rh2+ 20. Kxg3 g4 0-1

[Event "Bridgetown sub zt 2.3.5"]
[Site "Bridgetown"]
[Date "2016.05.01"]
[Round "6"]
[White "Guzman, Christopher"]
[Black "Munro, Allan"]
[Result "1/2-1/2"]
[WhiteElo "2272"]
[BlackElo "2093"]
[PlyCount "118"]
[EventDate "2016.04.28"]
[EventType "swiss"]
[EventRounds "9"]
[EventCountry "BAR"]
[SourceTitle "CBM 172 Extra"]
[Source "ChessBase"]
[SourceDate "2016.06.21"]
[SourceVersion "1"]
[SourceVersionDate "2016.06.21"]
[SourceQuality "1"]

1. e4 e5 2. Nf3 Nc6 3. Bb5 d6 4. d4 exd4 5. Nxd4 Bd7 6. Nc3 g6 7. 0-0 Bg7 8. Bxc6 bxc6 9. Be3 Nf6 10. f3 0-0 11. Qd2 Re8 12. Rfe1 Rb8 13. Nb3 c5 14. Rab1 Bc6 15. Na5 Bd7 16. Bg5 Qc8 17. Nc4 Qa6 18. b3 Be6 19. Ne3 Qa5 20. Red1 Nd7 21. Ncd5 Qxd2 22. Rxd2 h6 23. Bh4 g5 24. Bf2 Rbc8 25. Nc4 f5 26. exf5 Bxf5 27. Rbd1 Ne5 28. Nxe5 Bxe5 29. c4 c6 30. Ne3 Be6 31. Ng4 Bxg4 32. fxg4 Bf4 33. Rd3 Re6 34. g3 Be5 35. Kg2 Rf8 36. Be3 Kg7 37. h4 Kg6 38. R1d2 Ref6 39. Rf2 Rxf2+ 40. Bxf2 a6 41. Be3 Rf6 42. Rd1 Re6 43. Bf2 Bf6 44. Kf3 Kf7 45. a3 Bb2 46. b4 cxb4 47. axb4 Bc3 48. Rb1 d5 49. b5 cxb5 50. cxb5 axb5 51. Rxb5 Rd6 52. Ke2 Kg6 53. Bc5 Rc6 54. Bf2 Rd6 55. Rb7 h5 56. Kd3 Bf6 57. hxg5 Kxg5 58. gxh5 Kxh5 59. Be3 Be5 1/2-1/2

[Event "Port of Spain Sub zt 2.3.5"]
[Site "Port of Spain"]
[Date "2014.03.31"]
[Round "7"]
[White "Winter Atwell, Adrian"]
[Black "Munro, Allan"]
[Result "1/2-1/2"]
[WhiteElo "2113"]
[BlackElo "2086"]
[PlyCount "126"]
[EventDate "2014.03.27"]
[EventType "swiss"]
[EventRounds "9"]
[EventCountry "TRI"]
[SourceTitle "EXT 2023"]
[Source "ChessBase"]
[SourceDate "2022.10.05"]
[SourceVersion "1"]
[SourceVersionDate "2022.10.05"]
[SourceQuality "1"]

1. e4 c5 2. c3 d5 3. exd5 Qxd5 4. d4 Nf6 5. Nf3 Bg4 6. dxc5 Qxc5 7. h3 Bh5 8. Be3 Qc7 9. Na3 a6 10. Qa4+ Nbd7 11. Nb5 Qb8 12. Nbd4 e6 13. c4 Be7 14. Be2 0-0 15. 0-0 Qc7 16. b4 Rfd8 17. Qb3 Rac8 18. a4 Bf8 19. Rfe1 e5 20. Nf5 e4 21. Nd2 Bxe2 22. Rxe2 Qe5 23. Nd4 Bd6 24. f4 exf3 25. N2xf3 Qh5 26. c5 Bb8 27. Bg5 Re8 28. Rae1 h6 29. Rxe8+ Nxe8 30. Nf5 hxg5 31. Ne7+ Kf8 32. Nxc8 g4 33. hxg4 Qxg4 34. Qe3 Nef6 35. Ng5 Be5 36. Nf3 Bg3 37. Rb1 Ne4 38. Qd3 Kg8 39. Nd6 Ndf6 40. Nxe4 Nxe4 41. b5 Bf2+ 42. Kf1 Bxc5 43. Qd8+ Bf8 44. bxa6 Qg3 45. Rb2 bxa6 46. Qh4 Qg6 47. Rb8 Qc6 48. Qd8 Qc4+ 49. Ke1 Qc3+ 50. Ke2 Ng3+ 51. Kd1 Qa1+ 52. Kd2 Qa2+ 53. Ke3 Qa3+ 54. Kf4 Nh5+ 55. Kg4 g6 56. Kh3 Nf4+ 57. Kh2 Ne6 58. Qe8 Kg7 59. Ne5 Kf6 60. Nd7+ Kg7 61. Nxf8 Qd6+ 62. Kg1 Qd1+ 63. Kf2 Qd2+ 1/2-1/2

[Event "Porlamar op 4th"]
[Site "Porlamar"]
[Date "2012.06.07"]
[Round "3"]
[White "Marichal Gonzalez, Ariel"]
[Black "Munro, Allan"]
[Result "1-0"]
[WhiteElo "2311"]
[BlackElo "2113"]
[PlyCount "65"]
[EventDate "2012.06.06"]
[EventType "swiss"]
[EventRounds "9"]
[EventCountry "VEN"]
[SourceTitle "EXT 2014"]
[Source "ChessBase"]
[SourceDate "2013.11.20"]
[SourceVersion "1"]
[SourceVersionDate "2013.11.20"]
[SourceQuality "1"]

1. d4 Nf6 2. c4 g6 3. Nc3 d5 4. cxd5 Nxd5 5. e4 Nxc3 6. bxc3 Bg7 7. Nf3 c5 8. Rb1 0-0 9. Be2 b6 10. Be3 Bb7 11. Qd3 e6 12. 0-0 Qc7 13. e5 cxd4 14. cxd4 Bd5 15. Qd2 Qb7 16. Bh6 Nc6 17. a4 Rfc8 18. Qf4 Na5 19. h4 Rc2 20. Bd1 Rc3 21. Bxg7 Kxg7 22. Qf6+ Kg8 23. h5 Qc8 24. Ng5 Qf8 25. Bf3 Bxf3 26. hxg6 hxg6 27. Nxf3 Qd8 28. Qf4 Rac8 29. Ng5 Qf8 30. Ne4 Rc2 31. Rbd1 Qg7 32. Rd3 Nc6 33. Rh3 1-0

[Event "Umada Cup"]
[Site "Hastings"]
[Date "2011.11.09"]
[Round "2"]
[White "Harper, Ryan"]
[Black "Munro, Allan"]
[Result "1-0"]
[WhiteElo "2231"]
[BlackElo "2117"]
[PlyCount "89"]
[EventDate "2011.11.09"]
[EventType "tourn"]
[EventRounds "9"]
[EventCountry "BAR"]
[SourceTitle "EXT 2012"]
[Source "ChessBase"]
[SourceDate "2011.11.24"]
[SourceVersion "1"]
[SourceVersionDate "2011.11.24"]
[SourceQuality "1"]

1. d4 Nf6 2. c4 g6 3. Nc3 d5 4. e3 Bg7 5. Nf3 0-0 6. Ne5 c6 7. Qb3 b6 8. cxd5 cxd5 9. Bb5 Qd6 10. Bd2 a6 11. Be2 b5 12. Bf3 Bb7 13. 0-0 Nbd7 14. Nxd7 Qxd7 15. a4 Bc6 16. axb5 axb5 17. Na2 Ra4 18. Nb4 Rfa8 19. Rac1 Bb7 20. Nd3 R8a7 21. Ne5 Qd8 22. Rc5 e6 23. Rfc1 Ne8 24. Qxb5 Nd6 25. Qf1 Bxe5 26. dxe5 Nc4 27. Bc3 Qe7 28. Bd4 Nd2 29. Qd1 Nxf3+ 30. gxf3 R7a5 31. Rc7 Qg5+ 32. Kh1 Ba6 33. Qg1 Qxg1+ 34. Kxg1 Bc4 35. Kg2 Rb5 36. Kg3 Rb3 37. h4 Kg7 38. h5 Rb8 39. h6+ Kg8 40. Kf4 Raa8 41. Kg5 Bb5 42. Ba7 Rd8 43. Kf6 Bd7 44. b4 Rac8 45. Ke7 1-0